| 000 | 00647nam a22002177a 4500 | ||
|---|---|---|---|
| 003 | OSt | ||
| 008 | 260220b2022 |||||||| |||| 00| 0 eng d | ||
| 020 | _a9789364441223 | ||
| 082 |
_a658.4031 _bSCH-B |
||
| 100 | _aSchindler, Pamela S. | ||
| 245 |
_aBusiness research methods / _cPamela S. Schindler, Kapil Gumte and Pratik Maheshwari |
||
| 250 | _a14th | ||
| 260 |
_aChennai : _bMcGraw Hill Education, _c2022. |
||
| 300 | _axxix, 662 p. ; | ||
| 650 | _aBusiness - Research | ||
| 650 | _aBusiness - Research - Methodology | ||
| 650 | _aManagement - Research | ||
| 700 | _aGumte, Kapil | ||
| 700 | _aMaheshwari, Pratik | ||
| 942 |
_2ddc _cREF |
||
| 999 |
_c21347 _d21347 |
||